LIBRARY & INFORMATION CENTRE, KCAET, TAVANUR

ONLINE PUBLIC ACCESS CATALOGUE (OPAC)

Works engineer / (Record no. 6017)

MARC details
000 -LEADER
fixed length control field 00413cam a2200169ua 4500
041 ## - LANGUAGE CODE
Language code of text/sound track or separate title eng
082 ## - DEWEY DECIMAL CLASSIFICATION NUMBER
Classification number 620
Item number GRI/WO
100 ## - MAIN ENTRY--AUTHOR NAME
Personal name Griffiths, W.R.J .
245 ## - TITLE STATEMENT
Title Works engineer /
250 ## - EDITION STATEMENT
Edition statement 3 /
260 ## - PUBLICATION, DISTRIBUTION, ETC. (IMPRINT)
Place of publication London :
Name of publisher Sir Isaac Pitman & Sons Ltd ,
Year of publication 1973.
300 ## - PHYSICAL DESCRIPTION
Number of Pages ; .
700 1# - ADDED ENTRY--PERSONAL NAME
Personal name Skeat, W.O .
942 ## - ADDED ENTRY ELEMENTS (KOHA)
Koha item type Books
Holdings
Withdrawn status Lost status Damaged status Home library Current library Date acquired Full call number Accession Number Koha item type
      KAUAET KAUAET 07/04/2012 620 GRI/WO 3190 Books
free website counter